|
|
|
|
| LEADER |
00000nas a22000007a 4500 |
| 001 |
ssj0005911 |
| 003 |
WaSeSS |
| 005 |
20200512172242.0 |
| 006 |
m d |
| 007 |
cr n |
| 008 |
050614c19uu9999moubr p s 0 a0eng |
| 010 |
|
|
|a 2012200306
|
| 022 |
|
|
|a 2167-9827
|y 0043-7441
|
| 035 |
|
|
|a (WaSeSS)ssj0005911
|
| 040 |
|
|
|a OCLCS
|b eng
|c OCLCS
|d OCLCQ
|d CO3
|d OCLCQ
|d DLC
|d OCLCQ
|d OCLCF
|d OCLCO
|d COO
|d OCLCQ
|d WaSeSS
|
| 042 |
|
|
|a pcc
|a nsdp
|
| 043 |
|
|
|a n-us---
|
| 050 |
1 |
4 |
|a HF5500.2
|b .W65
|
| 082 |
1 |
0 |
|a 331.4
|2 14
|
| 082 |
0 |
4 |
|a 331.4/8165/00973
|
| 130 |
0 |
|
|a Women in business (Kansas City, Mo. : Online)
|
| 222 |
|
0 |
|a Women in business
|b (Kansas City, Mo. Online)
|
| 245 |
1 |
0 |
|a Women in business
|h [electronic resource] /
|c American Business Women's Association.
|
| 260 |
|
|
|a Kansas City, Mo. :
|b ABWA Co. for the American Business Women's Association
|
| 310 |
|
|
|a Bimonthly,
|b <1995->
|
| 321 |
|
|
|a Nine times a year,
|b <1978->
|
| 506 |
|
|
|a License restrictions may limit access.
|
| 588 |
|
|
|a Description based on print version record.
|
| 588 |
|
|
|a Latest issue consulted: Vol. 64 Issue 1 (spring 2012) (EBSCOhost, viewed June 4, 2012).
|
| 650 |
|
0 |
|a Businesswomen
|v Periodicals.
|
| 650 |
|
7 |
|a Businesswomen.
|2 fast
|0 (OCoLC)fst00843013
|
| 655 |
|
0 |
|a Electronic journals.
|
| 710 |
2 |
|
|a American Business Women's Association.
|
| 776 |
0 |
8 |
|i Print version:
|t Women in business
|x 0043-7441
|w (DLC) 81640001
|w (OCoLC)3967391
|
| 856 |
4 |
0 |
|z Full text available from Research Library: 11/01/1997 to 11/30/2008
|u https://search.proquest.com/publication/4898
|